000 00459nam a2200181Ia 4500
001 44036
008 140428s9999 xx 000 0 und d
020 _aNA
040 _cPK-LaUMT
082 _aRHC 891.4396
_bINS-
100 _aArif Mahmood Saqib
245 _aInshaai Latif (Urdu)
_cArif Mahmood Saqib
260 _aMultan,Pakistan:
_bMultan Arts Forum,
_c2007
300 _a607 p.
546 _aUR
650 _aPakistani literature-Urdu
942 _cBK
999 _c42036
_d42036